TOWARD AN ANIMIST READING OF POSTCOLONIAL TRAUMA LITERATURE : reading beyond the single subject.

Bibliographic Details
Main Author: Rajiva, Jay
Format: Book
Language:English
Published: [Place of publication not identified] : ROUTLEDGE, 2020.
Subjects:

MARC

Tag First Indicator Second Indicator Subfields
LEADER 00000cam a2200000M 4500
001 in00004350067
008 200302s2020 xx 000 0 eng d
005 20250318214140.0
020 |a 9780367086275 
020 |a 0367086271 
035 |a (OCoLC)on1142341756 
035 |a (OCoLC)1142341756 
040 |a YDX  |b eng  |c YDX  |d OCLCQ  |d OCLCF  |d UtOrBLW 
100 1 |a Rajiva, Jay.  |0 http://id.loc.gov/authorities/names/n2017016801 
245 1 0 |a TOWARD AN ANIMIST READING OF POSTCOLONIAL TRAUMA LITERATURE :  |b reading beyond the single subject. 
264 1 |a [Place of publication not identified] :  |b ROUTLEDGE,  |c 2020. 
336 |a text  |b txt  |2 rdacontent 
337 |a unmediated  |b n  |2 rdamedia 
338 |a volume  |b nc  |2 rdacarrier 
650 7 |a Animism in literature.  |2 fast  |0 (OCoLC)fst00809639 
650 7 |a Indic fiction (English)  |2 fast  |0 (OCoLC)fst00970135 
650 7 |a Nigerian fiction (English)  |2 fast  |0 (OCoLC)fst01037596 
650 7 |a Postcolonialism in literature.  |2 fast  |0 (OCoLC)fst01073035 
650 7 |a Psychic trauma in literature.  |2 fast  |0 (OCoLC)fst01081229 
655 7 |a Criticism, interpretation, etc.  |2 fast  |0 (OCoLC)fst01411635 
852 8 |b pda,print  |z This title is available for the library to purchase for your use. Click the "Purchase It For Me" button to place a request. This item may take 5-10 business days to arrive. 
955 |a Print PDA title 
961 |m 565730 
999 f f |s c81fd20a-fc7a-44de-bdb6-962e0208ca53  |i d639b948-eb11-3f04-966f-4c3f5a4dc153  |t 0 
952 f f |a Texas A&M University  |b College Station  |c Sterling C. Evans Library  |d Purchase on Demand  |t 0  |h Library of Congress classification 
998 f f |t 0  |l Purchase on Demand